000 00535nam a22002057a 4500
003 BD-DhUIB
005 20210328094418.0
008 210328b ||||| |||| 00| 0 eng d
020 _a0256137773
040 _aBD-DhUIB
_cBD-DhUIB
082 _222
_a658.0072
100 _aCooper, Donald R.
_9228
245 _aBusiness research methods /
_cbydonald R. Cooper.
250 _a5th ed.
260 _aNew york
_bMcGraw-Hil
300 _axix, 681p :
_bill. ;
526 _aMBA.
700 _aEmory, C. William.
_9229
942 _2ddc
_cBK
999 _c113
_d113